Open Data Biblioteca Nacional de Portugal


República Portuguesa: Ministério da Cultura
Biblioteca Nacional de Portugal

Catálogo da BNP: acesso por Identificadores Unívocos
Registos Bibliográficos associados ao registo de autoridade

Etiqueta de registo: 00000nam 2200025 450
001 2282933
003 http://id.bnportugal.gov.pt/bib/catbnp/2282933
010 ## $a978-607-9135-59-1
100 ## $a20260619d2022 m y0pory01030103ba
101 1# $aspa$cpor
102 ## $aMX
105 ## $ay z 000gy
106 ## $ar
200 1# $aLlave para la puerta del viento$fAbreu Paxe$gtrad. y sel. Roberto Amézquita
205 ## $a1ª ed
210 #9 $aMéxico$cCírculo de poesía,$d2022
215 ## $a105, [4] p.$d20 cm
225 2# $aCírculo de poesía$v32
700 #1 $aPaxe,$bAbreu,$f1969-$31276500
702 #1 $aAmézquita,$bRoberto$4730$32001198
801 #0 $aPT$bBN$gRPC
966 ## $lBN$mFGMON$pDGLAB$x3
971 ## $corlando$d20260619
975 ## $e0$d20260622$viquintas

OpendataBNP@bnportugal.pt | Mais informação sobre acesso aos dados BNP